000
00291nam a2200121Ia 4500
008
231129s1991||||xx |||||||||||||| ||spa||
082
_a
HAJ- 0078
100
_a
Lombana Mejía Pedro Manuel
245
0
_a
Café año 2000
260
_c
1991
264
_a
Manizales: Papiro
942
_2
ddc
_c
BKS
999
_c
6429
_d
6429